[Event "EOC-ch-Final 2021"]
[Site "Online"]
[Date "2021.03.30"]
[Round "9.11"]
[White "Jones, Gawain C B"]
[Black "Vitiugov, Nikita"]
[Result "1-0"]
[WhiteElo "2670"]
[BlackElo "2715"]
[PlyCount "107"]
[EventDate "2021.03.30"]
[EventType "team-tourn"]
[EventCountry "NET"]
[SourceTitle "playchess.com"]
[Source "ChessBase"]
[SourceQuality "1"]

1. e4 c5 2. Nf3 e6 3. Nc3 a6 4. g3 b5 5. Bg2 Bb7 6. d4 cxd4 7. Nxd4 b4 8. Na4
Nf6 9. c4 bxc3 10. Nxc3 Bb4 11. O-O Bxc3 12. bxc3 Bxe4 13. Bxe4 Nxe4 14. Qg4
Nf6 15. Qxg7 Rg8 16. Qh6 Rg6 17. Qf4 Nd5 18. Qe4 Qc7 19. Ba3 Nc6 20. Nxc6 dxc6
21. c4 Nf6 22. Qe3 c5 23. Bxc5 Ng4 24. Qd4 e5 25. Qe4 Rc8 26. Ba3 Qxc4 27. Qb7
Rc7 28. Qb8+ Rc8 29. Qb7 Rc7 30. Qb1 Qb5 31. Qe4 Qc4 32. Qb1 Qb5 33. Qf5 Qd7
34. Qe4 Qd4 35. Qa8+ Qd8 36. Qe4 Qd4 37. Qa8+ Qd8 38. Qf3 Qf6 39. Qd3 Qd8 40.
Qb3 Qd4 41. Rad1 Qc4 42. Qb8+ Rc8 43. Qb7 Rc7 44. Qb1 Qb5 45. Qe4 Qc4 46. Qb1
Qb5 47. Qf5 Qa4 48. Rd3 Rd7 49. Rb3 Qc6 50. Rc1 Qe6 51. Rc8+ Rd8 52. Rxd8+ Kxd8
53. Qd3+ Kc7 54. Qc2+ 1-0

[Event "EOC-ch-Final 2021"]
[Site "Online"]
[Date "2021.03.30"]
[Round "9.12"]
[White "Shimanov, Aleksandr"]
[Black "Cheparinov, Ivan"]
[Result "1/2-1/2"]
[WhiteElo "2597"]
[BlackElo "2667"]
[PlyCount "68"]
[EventDate "2021.03.30"]
[EventType "team-tourn"]
[EventCountry "NET"]
[SourceTitle "playchess.com"]
[Source "ChessBase"]
[SourceQuality "1"]

1. e4 c5 2. Nc3 d6 3. Bb5+ Bd7 4. Bxd7+ Qxd7 5. d4 cxd4 6. Qxd4 Nc6 7. Qd3 g6
8. Nf3 Bg7 9. O-O Nf6 10. Nd5 O-O 11. Bg5 Nxd5 12. exd5 Ne5 13. Nxe5 Bxe5 14.
Rae1 Rfe8 15. c3 b5 16. h4 Bf6 17. f4 Rac8 18. Re4 Qf5 19. Rfe1 Bxg5 20. hxg5
Rc5 21. Rd1 a6 22. a3 Rc4 23. Rxc4 Qxd3 24. Rxd3 bxc4 25. Rd2 f6 26. Rd4 Rc8
27. gxf6 exf6 28. Kf2 f5 29. Rd2 Kf7 30. Re2 Rc5 31. Rd2 Rc7 32. Re2 Rc5 33.
Rd2 Rc7 34. Re2 Rc5 1/2-1/2

[Event "EOC-ch-Final 2021"]
[Site "Online"]
[Date "2021.03.30"]
[Round "9.13"]
[White "Harikrishna, Pentala"]
[Black "Goryachkina, Aleksandra"]
[Result "1-0"]
[WhiteElo "2732"]
[BlackElo "2593"]
[PlyCount "105"]
[EventDate "2021.03.30"]
[EventType "team-tourn"]
[EventCountry "NET"]
[SourceTitle "playchess.com"]
[Source "ChessBase"]
[SourceQuality "1"]

1. e4 e5 2. Nf3 Nc6 3. Bc4 Bc5 4. c3 Nf6 5. d3 d6 6. a4 a6 7. O-O h6 8. Nbd2
O-O 9. h3 Be6 10. Re1 Qd7 11. Bxe6 fxe6 12. Nf1 Ba7 13. Ng3 Qf7 14. d4 exd4 15.
cxd4 d5 16. Ra3 dxe4 17. Nxe4 Rad8 18. Rd3 Rd5 19. Nc3 Rf5 20. Qe2 Re8 21. g4
Ra5 22. Ne5 Nxe5 23. dxe5 Nd5 24. Nxd5 Rxd5 25. Rxd5 exd5 26. e6 Qf6 27. Kg2
Kh8 28. f4 c5 29. Qe5 Qh4 30. Re2 d4 31. Qd5 Qe7 32. Qd7 Qxd7 33. exd7 Rxe2+
34. Kf3 Bb6 35. Kxe2 Kg8 36. f5 Kf7 37. g5 Bd8 38. h4 Ke7 39. f6+ gxf6 40. gxh6
Kf7 41. Kd3 b5 42. axb5 axb5 43. Bf4 Kg6 44. Bd2 Kh7 45. Ke4 Kg6 46. Kd5 Be7
47. Kc6 c4 48. Kxb5 c3 49. bxc3 dxc3 50. Bxc3 Kxh6 51. Kc6 Kh5 52. Be1 f5 53.
Kc7 1-0

[Event "EOC-ch-Final 2021"]
[Site "Online"]
[Date "2021.03.30"]
[Round "9.14"]
[White "Cramling, Pia"]
[Black "Navara, David"]
[Result "0-1"]
[WhiteElo "2459"]
[BlackElo "2697"]
[PlyCount "68"]
[EventDate "2021.03.30"]
[EventType "team-tourn"]
[EventCountry "NET"]
[SourceTitle "playchess.com"]
[Source "ChessBase"]
[SourceQuality "1"]

1. d4 Nf6 2. c4 e6 3. Nf3 b6 4. a3 Ba6 5. Qc2 Bb7 6. Nbd2 c5 7. dxc5 bxc5 8. e3
Be7 9. Bd3 a5 10. O-O d6 11. Rd1 a4 12. Ne4 Nbd7 13. Bd2 O-O 14. Nfg5 Ng4 15.
Nf3 f5 16. Nc3 Qe8 17. Be2 Qg6 18. h3 Nge5 19. Ne1 Bh4 20. Bf1 Nf6 21. Bc1 Ne4
22. Nxe4 fxe4 23. g3 Rxf2 24. Qxf2 Bxg3 25. Qg2 Nf3+ 26. Kh1 Nxe1 27. Qe2 Nd3
28. Bg2 Rf8 29. Bd2 Nf2+ 30. Kg1 Rf3 31. Rf1 Nxh3+ 32. Bxh3 Bf2+ 33. Kh2 Rxh3+
34. Kxh3 Qg3# 0-1

[Event "EOC-ch-Final 2021"]
[Site "Online"]
[Date "2021.03.30"]
[Round "9.15"]
[White "Sasikiran, Krishnan"]
[Black "Socko, Monika"]
[Result "1-0"]
[WhiteElo "2647"]
[BlackElo "2421"]
[PlyCount "81"]
[EventDate "2021.03.30"]
[EventType "team-tourn"]
[EventCountry "NET"]
[SourceTitle "playchess.com"]
[Source "ChessBase"]
[SourceQuality "1"]

1. e4 e6 2. d4 d5 3. Nc3 Nf6 4. e5 Nfd7 5. f4 c5 6. Nf3 a6 7. Ne2 Nc6 8. c3 f5
9. g3 b5 10. a3 a5 11. Bg2 Be7 12. Be3 O-O 13. O-O Qb6 14. dxc5 Bxc5 15. Ned4
Nxd4 16. Nxd4 Bb7 17. b4 Bxd4 18. Bxd4 Qc6 19. Qh5 Nb6 20. h3 Nc4 21. Qe2 axb4
22. axb4 Rxa1 23. Rxa1 Ra8 24. Rxa8+ Bxa8 25. g4 g6 26. gxf5 gxf5 27. Qh5 Qd7
28. Bc5 Qd8 29. Qh6 Qe8 30. h4 Bc6 31. h5 Qf7 32. Qg5+ Kh8 33. Be7 h6 34. Qxh6+
Kg8 35. Bf6 Qh7 36. Qg5+ Kf8 37. h6 Be8 38. Bg7+ Kg8 39. Qe7 Qg6 40. Qf8+ Kh7
41. Qh8# 1-0

[Event "EOC-ch-Final 2021"]
[Site "Online"]
[Date "2021.03.30"]
[Round "9.16"]
[White "Dornbusch, Tatiana"]
[Black "Ragger, Markus"]
[Result "0-1"]
[WhiteElo "2249"]
[BlackElo "2680"]
[PlyCount "64"]
[EventDate "2021.03.30"]
[EventType "team-tourn"]
[EventCountry "NET"]
[SourceTitle "playchess.com"]
[Source "ChessBase"]
[SourceQuality "1"]

1. Nf3 c5 2. g3 Nc6 3. Bg2 e5 4. c4 g6 5. Nc3 Bg7 6. d3 d6 7. O-O Nge7 8. Bg5
f6 9. Bd2 O-O 10. a3 a5 11. Rb1 Be6 12. Ne1 Bf7 13. Nc2 d5 14. cxd5 Nxd5 15.
Nxd5 Bxd5 16. Bxd5+ Qxd5 17. Ne3 Qe6 18. Rc1 b6 19. Nc4 Rab8 20. Re1 Rfd8 21.
Qb3 Nd4 22. Qd1 a4 23. Be3 Nb3 24. Rc3 e4 25. Nd2 f5 26. Rc2 exd3 27. exd3 Rxd3
28. Bf4 Qd7 29. Bxb8 Nxd2 30. Kg2 Nf3 31. Re8+ Qxe8 32. Qxd3 Ne1+ 0-1

[Event "EOC-ch-Final 2021"]
[Site "Online"]
[Date "2021.03.30"]
[Round "9.17"]
[White "Mamedyarov, Shakhriyar"]
[Black "Van Foreest, Jorden"]
[Result "0-1"]
[WhiteElo "2770"]
[BlackElo "2671"]
[PlyCount "88"]
[EventDate "2021.03.30"]
[EventType "team-tourn"]
[EventCountry "NET"]
[SourceTitle "playchess.com"]
[Source "ChessBase"]
[SourceQuality "1"]

1. e4 e5 2. Nf3 Nc6 3. Bb5 Nf6 4. O-O Nxe4 5. Re1 Nd6 6. Ba4 Be7 7. d4 e4 8.
Ne5 O-O 9. Nc3 Nf5 10. Rxe4 Nxe5 11. dxe5 c6 12. Bf4 d5 13. exd6 Bxd6 14. Bb3
Qf6 15. Qd2 Bxf4 16. Qxf4 Be6 17. g4 Qg6 18. Rae1 Bxb3 19. axb3 Nd6 20. Re7
Rad8 21. R1e2 h5 22. h3 hxg4 23. hxg4 Nb5 24. Nxb5 cxb5 25. Kg2 Rd1 26. Rxb7
Qc6+ 27. Qe4 Qh6 28. Rxb5 g5 29. f3 Qh1+ 30. Kg3 Rg1+ 31. Kf2 Rg2+ 32. Ke3 Qg1+
33. Kd2 Rd8+ 34. Rd5 Rxe2+ 35. Kxe2 Qg2+ 36. Kd3 Qf1+ 37. Kd2 Qf2+ 38. Kc3 Rc8+
39. Kb4 Qg1 40. Rxg5+ Kf8 41. Rb5 a6 42. Rb7 Qc5+ 43. Ka4 Rd8 44. c3 Rd1 0-1

[Event "EOC-ch-Final 2021"]
[Site "Online"]
[Date "2021.03.30"]
[Round "9.18"]
[White "Maghsoodloo, Parham"]
[Black "Guseinov, Gadir"]
[Result "1-0"]
[WhiteElo "2676"]
[BlackElo "2665"]
[PlyCount "95"]
[EventDate "2021.03.30"]
[EventType "team-tourn"]
[EventCountry "NET"]
[SourceTitle "playchess.com"]
[Source "ChessBase"]
[SourceQuality "1"]

1. d4 Nf6 2. c4 g6 3. Nc3 Bg7 4. e4 d6 5. Be2 O-O 6. Bg5 Na6 7. Nf3 h6 8. Bh4
e5 9. O-O Qe8 10. d5 Nc5 11. Nd2 a5 12. b3 Bd7 13. a3 Nh7 14. b4 Na4 15. Qc2
Nxc3 16. Qxc3 f5 17. f3 g5 18. Bf2 axb4 19. axb4 Rxa1 20. Rxa1 g4 21. fxg4 fxe4
22. h3 Qg6 23. Qe3 Nf6 24. Rf1 c6 25. Bh4 cxd5 26. Bxf6 Rxf6 27. cxd5 Rxf1+ 28.
Bxf1 h5 29. gxh5 Qxh5 30. Nxe4 Qg6 31. Bd3 Bf5 32. Qf3 Bxe4 33. Bxe4 Qg5 34. b5
b6 35. Kh2 Qf4+ 36. g3 Qd2+ 37. Qg2 Qe1 38. h4 Bh6 39. Qf3 Qe3 40. Qxe3 Bxe3
41. g4 Bf2 42. Kh3 Kg7 43. g5 Be1 44. h5 Bd2 45. Kg4 Be3 46. h6+ Kf7 47. Kh5
Bf4 48. g6+ 1-0

[Event "EOC-ch-Final 2021"]
[Site "Online"]
[Date "2021.03.30"]
[Round "9.19"]
[White "Abasov, Nijat"]
[Black "Amin, Bassem"]
[Result "1/2-1/2"]
[WhiteElo "2664"]
[BlackElo "2695"]
[PlyCount "60"]
[EventDate "2021.03.30"]
[EventType "team-tourn"]
[EventCountry "NET"]
[SourceTitle "playchess.com"]
[Source "ChessBase"]
[SourceQuality "1"]

1. e4 e5 2. Nf3 Nc6 3. c3 d5 4. Qa4 Bd7 5. exd5 Nd4 6. Qd1 Nxf3+ 7. Qxf3 Nf6 8.
Bc4 e4 9. Qe2 Bd6 10. d4 h6 11. Nd2 O-O 12. Nf1 b5 13. Bxb5 Nxd5 14. Bc4 Nf4
15. Bxf4 Bxf4 16. Ne3 Qg5 17. O-O Rae8 18. Rae1 Kh8 19. g3 Bd6 20. f4 exf3 21.
Qxf3 f5 22. Ng2 Rxe1 23. Rxe1 f4 24. gxf4 Bxf4 25. Qd5 Bf5 26. Rf1 Bd6 27. Be2
Rf6 28. Bc4 Rf8 29. Be2 Rf6 30. Bc4 Rf8 1/2-1/2

[Event "EOC-ch-Final 2021"]
[Site "Online"]
[Date "2021.03.30"]
[Round "9.20"]
[White "Van Wely, Loek"]
[Black "Durarbayli, Vasif"]
[Result "1-0"]
[WhiteElo "2620"]
[BlackElo "2606"]
[PlyCount "63"]
[EventDate "2021.03.30"]
[EventType "team-tourn"]
[EventCountry "NET"]
[SourceTitle "playchess.com"]
[Source "ChessBase"]
[SourceQuality "1"]

1. Nf3 Nf6 2. c4 e6 3. Nc3 c5 4. g3 b6 5. Bg2 Bb7 6. O-O Be7 7. d4 cxd4 8. Qxd4
d6 9. Rd1 a6 10. Bg5 Nbd7 11. Qd2 Rc8 12. Bf4 Rxc4 13. Bxd6 Bxd6 14. Qxd6 Rc6
15. Qa3 Rc5 16. Na4 Ra5 17. b4 Rd5 18. Nd4 O-O 19. Nc3 Rxd4 20. Rxd4 Bxg2 21.
Kxg2 Qa8+ 22. Kg1 b5 23. Rd6 Rc8 24. Rad1 Nf8 25. Rxa6 Qb8 26. Rdd6 h5 27. Rab6
Qc7 28. Rbc6 Qb8 29. Qa6 Rxc6 30. Qxc6 Qa7 31. Rd8 Ng4 32. Qc5 1-0